Phát triển cộng đồng và phát triển cộng đồng về văn hoá /

Đã lưu trong:
書目詳細資料
主要作者: Lương Hồng Quang.
其他作者: Phạm Nam Thanh.
格式: Bài viết
語言:Vietnamese
主題:
標簽: 添加標簽
沒有標簽, 成為第一個標記此記錄!
Thư viện lưu trữ: Thư viện Trường Đại học Đà Lạt
LEADER 00860nam a2200277 4500
001 DLU090089057
005 ##20091201
040 # # |a DLU  |b vie 
041 # # |a vie 
044 # # |a vn  
100 # # |a Lương Hồng Quang.  
245 # # |a Phát triển cộng đồng và phát triển cộng đồng về văn hoá /  |c Lương Hồng Quang, Phạm Nam Thanh. 
653 # # |a Cộng đồng 
653 # # |a Giáo dục truyền thống 
653 # # |a Truyền thống dân tộc 
700 # # |a Phạm Nam Thanh. 
773 # # |t Nghiên cứu Đông Nam Á  |g Số2(31), 1998, tr. 86-91 
920 # # |a Phòng Tạp chí -- Trung tâm Thông tin - Thư viện Trường Đại học Đà Lạt 
994 # # |a DLU 
900 # # |a True 
911 # # |a Nguyễn Thị Linh Chi 
925 # # |a G 
926 # # |a A 
927 # # |a BB 
980 # # |a Thư viện Trường Đại học Đà Lạt